000 00404nam a2200109Ia 4500
008 171204s9999 xx 000 0 und d
245 _aInformation Governance: A Practical Guide - How to regain control over your information
245 _cBruno Wildhaber, Burgwinkel Daniel, and Hagmann Jürg
260 _c2016
650 _xINFORMATION MANAGEMENT
856 _uhttp://down.ebook777.com/037/B01LJHQRLS.pdf
999 _c347010
_d347010